El reino de Dios en el pensamiento eclesiológico y escatológico de San Francisco de Asís, según sus escritos y las fuentes hagiográficas del siglo XIII-XIV
Sparad:
| Huvudupphovsman: | |
|---|---|
| Materialtyp: | Bok |
| Språk: | spanska |
| Publicerad: |
Murcia
Espigas
2015
|
| Upplaga: | 1a. ed |
| Serie: | Publicaciones del Instituto Teológico de Murcia OFM
|
| Ämnen: | |
| Taggar: |
Lägg till en tagg
Inga taggar, Lägg till första taggen!
|
MARC
| LEADER | 00000cam a2200000 a 4500 | ||
|---|---|---|---|
| 001 | UCD0453 | ||
| 003 | CL-VaPUC | ||
| 008 | 151127e20150000sp |||||||||||||||||spa|d | ||
| 020 | |a 9788485888382 | ||
| 082 | 0 | 4 | |a 236 |b MOL |2 21 |
| 100 | |a Parra Molina, Néstor Bernardo |e autor |9 583414 | ||
| 245 | 1 | 3 | |a El reino de Dios en el pensamiento eclesiológico y escatológico de San Francisco de Asís, según sus escritos y las fuentes hagiográficas del siglo XIII-XIV |
| 250 | |a 1a. ed | ||
| 300 | |a 414 p | ||
| 942 | |c BK | ||
| 945 | |d 20151127 13:45:00 |a gsalatino | ||
| 260 | |a Murcia |b Espigas |c 2015 | ||
| 600 | 0 | 7 | |a SAN FRANCISCO DE ASIS |2 CL-VaPUC |9 342281 |
| 650 | 0 | |a Filosofía de la historia |9 265651 | |
| 650 | 0 | |a Escatología |9 314395 | |
| 650 | 0 | |a Teología |9 258766 | |
| 650 | 0 | |a Eclesiología |9 366152 | |
| 583 | |a last modification |c 20151127 13:45:00 |k Rodrigo Vera | ||
| 490 | 0 | |a Publicaciones del Instituto Teológico de Murcia OFM | |
| 999 | |c 361975 |d 361973 | ||
| 952 | |0 0 |1 0 |3 erb |4 0 |6 236_000000000000000_MOL_2015 |7 0 |8 A |9 472753 |a BIBTEO |b BIBTEO |i 5252644 |o 236 MOL 2015 |p 5252644 |r 2025-01-17 |w 2019-11-24 |y BK |z Catalogado en:20151127 |k ICR | ||